Normal view
MARC view
- Muhammad Imran Malik.
Entry Personal Name
001 - CONTROL NUMBER
- control field: 30839
003 - CONTROL NUMBER IDENTIFIER
- control field: NUST
005 - DATE AND TIME OF LATEST TRANSACTION
- control field: 20200928110609.0
008 - FIXED-LENGTH DATA ELEMENTS
- fixed length control field: 200928|| aca||aabn | a|a d
040 ## - CATALOGING SOURCE
- Original cataloging agency: NUST
- Transcribing agency: NUST
100 ## - HEADING--PERSONAL NAME
- Personal name: Muhammad Imran Malik.
670 ## - SOURCE DATA FOUND
- Source citation: Work cat.: (NUST): Muhammad Asad Ali ; Muhammad Saad Sohail 30838, AUTOMATED GAIT RECOGNITION /, 2019.
